Comedia Pródiga dirigida al muy magnífico Señor Juan de Villalva... / (Record no. 104733)

MARC details
000 -LEADER
campo de control de longitud fija 00559nam a2200157 i 4500
001 - NÚMERO DE CONTROL
campo de control 104733
003 - IDENTIFICADOR DE NÚMERO DE CONTROL
campo de control ES-MaACL
007 - CAMPO FIJO DE DESCRIPCIÓN FÍSICA--INFORMACIÓN GENERAL
campo de control de longitud fija t|
008 - DATOS DE LONGITUD FIJA--INFORMACIÓN GENERAL
campo de control de longitud fija 051212s1953 sp ||||1| spa d
100 1# - ENTRADA PRINCIPAL--NOMBRE DE PERSONA
Nombre de persona Miranda, Luis de.
9 (RLIN) 81532
245 10 - MENCIÓN DEL TÍTULO
Título Comedia Pródiga dirigida al muy magnífico Señor Juan de Villalva... /
Mención de responsabilidad, etc. compuesta y moralizada por Luys de Miranda Plazentino... En Sevilla, año de 1554.
260 ## - PUBLICACIÓN, DISTRIBUCIÓN, ETC.
Lugar de publicación, distribución, etc. Valencia :
Nombre del editor, distribuidor, etc. [s.n.],
Fecha de publicación, distribución, etc. 1953 (
Fabricante Tipografía Moderna)
300 ## - DESCRIPCIÓN FÍSICA
Extensión 26 h. ;
Dimensiones 28 cm.
500 ## - NOTA GENERAL
Nota general Edición Facsimil.
852 ## - LOCALIZACIÓN
Ubicación ES-MaACL
Número de control de estantería C-8324
Sublocalización o colección R.35423
Holdings
Estatus retirado Estado de pérdida Estado de daño No para préstamo Biblioteca de origen Biblioteca actual Ubicación en estantería Fecha de adquisición Fuente de adquisición Total de préstamos Signatura topográfica completa Código de barras Visto por última vez Precio de reemplazo Tipo de ítem Koha
        Biblioteca del Ateneo de Madrid Biblioteca del Ateneo de Madrid Sala Palomar 17/01/2008     C-8324 1109344 23/02/2023 23/02/2023 Libro impreso